Načítá se...

PANCHAKARMMA CHIKILSA SARASAMGRAHAM

Podrobná bibliografie
Hlavní autor: RAJAGOPALAN K
Médium: Printed Book
Vydáno: KOTTAKKAL ARYAVAIDYASALA 2016
Témata:
LEADER 00480nam a2200169 4500
020
082 |a 615.53 RAJ 
100 |a RAJAGOPALAN K 
245 |a PANCHAKARMMA CHIKILSA SARASAMGRAHAM  |h Malayalam 
250
260 |a KOTTAKKAL  |b ARYAVAIDYASALA  |c 2016 
300
650 |a PANCHAKARMMA CHIKILSA SARASAMGRAHAM 
700
942 |c BK 
999 |c 157858  |d 157858 
952 |0 0  |1 0  |4 0  |6 615_530000000000000_RAJ  |7 0  |9 171315  |a ORI  |b ORI  |l 0  |o 615.53 RAJ  |p ORI7558  |r 2019-10-25  |w 2019-10-25  |y BK